A plan for Integrated Area Development of Athiyannoor and Nemom blocks in Trivandrum district, Kerala state (Record no. 488986)

000 -LEADER
fixed length control field 00417cam a22001097a 4500
008 - FIXED-LENGTH DATA ELEMENTS--GENERAL INFORMATION
fixed length control field 180718b1974 xxu||||| |||| 00| 0 eng d
082 ## - DEWEY DECIMAL CLASSIFICATION NUMBER
Classification number B136x5453 K45
245 ## - TITLE STATEMENT
Title A plan for Integrated Area Development of Athiyannoor and Nemom blocks in Trivandrum district, Kerala state
Statement of responsibility, etc. by Pilot Research Project
260 ## - PUBLICATION, DISTRIBUTION, ETC.
Place of publication, distribution, etc. Trivandrum
Name of publisher, distributor, etc. Pilot Research Project
Date of publication, distribution, etc. 1974
300 ## - PHYSICAL DESCRIPTION
Extent 171+p.
700 ## - ADDED ENTRY--PERSONAL NAME
Personal name Kerala. Pilot Research Project
Holdings
Withdrawn status Lost status Damaged status Not for loan Permanent Location Current Location Date acquired Full call number Barcode Date last seen Price effective from Koha item type
        Indian Institute of Public Administration Indian Institute of Public Administration 2018-08-04 B136x5453 K45 GG16046 2018-08-04 2018-08-04 GG

Powered by Koha